000
00218 a2200097 4500
001
29192
100
_a
Wolansky
245
_a
Control of Noise in Ventilation Systems
260
_a
_b
Spon Ltd
_c
090
_c
19486
_d
19486
942
_a
NUST-CAE
_c
M
_c
10542
999
_c
264265
_d
264265